Линейные электрические цепи. Лабораторный практикум на IBM PC: учебное пособие

Detalhes bibliográficos
Autor principal: Серебряков А. С. Александр Сергеевич
Resumo:В пособии дано описание оригинальной электронной лаборатории, предназначенной для исследования линейных электрических цепей. Электронная лаборатория позволяет моделировать: сложную электрическую цепь постоянного тока, неразветвленные и разветвленные цепи однофазного тока, резонансы напряжений и токов, а также трехфазные цепи. Кроме того, моделируются переходные процессы при разряде конденсатора на активную и активно-индуктивную нагрузку, а также цепь с несинусоидальным напряжением. Описано применение интегрированного пакета MathCAD для расчета электрических цепей и обработки полученных при моделировании результатов. Пособие представляет собой комплект, состоящий из книги и электронного приложения на CD-диске. Для студентов электротехнических специальностей вузов, а также студентов неэлектротехнических специальностей, изучающих курс «Электротехника и электроника».
Idioma:russo
Publicado em: Москва, Высшая школа, 2009
Colecção:Для высших учебных заведений
Электротехника
Assuntos:
Formato: Mixed Materials
KOHA link:https://koha.lib.tpu.ru/cgi-bin/koha/opac-detail.pl?biblionumber=151414

MARC

LEADER 00000nmm0a2200000 4500
001 151414
005 20231101221546.0
010 |a 9785060057324 
035 |a (RuTPU)RU\TPU\book\164159 
090 |a 151414 
100 |a 20090122d2009 m y0rusy50 ca 
101 0 |a rus 
102 |a RU 
105 |a a j 001zy 
200 1 |a Линейные электрические цепи. Лабораторный практикум на IBM PC  |e учебное пособие  |f А. С. Серебряков 
210 |a Москва  |c Высшая школа  |d 2009 
215 |a 134 с.  |c ил.  |e CD-ROM 
225 1 |a Для высших учебных заведений 
225 1 |a Электротехника 
320 |a Список литературы: с. 133. 
330 |a В пособии дано описание оригинальной электронной лаборатории, предназначенной для исследования линейных электрических цепей. Электронная лаборатория позволяет моделировать: сложную электрическую цепь постоянного тока, неразветвленные и разветвленные цепи однофазного тока, резонансы напряжений и токов, а также трехфазные цепи. Кроме того, моделируются переходные процессы при разряде конденсатора на активную и активно-индуктивную нагрузку, а также цепь с несинусоидальным напряжением. Описано применение интегрированного пакета MathCAD для расчета электрических цепей и обработки полученных при моделировании результатов. Пособие представляет собой комплект, состоящий из книги и электронного приложения на CD-диске. Для студентов электротехнических специальностей вузов, а также студентов неэлектротехнических специальностей, изучающих курс «Электротехника и электроника». 
606 1 |a Электрические цепи, линейные  |x Теория  |2 stltpush  |3 (RuTPU)RU\TPU\subj\27771  |9 51470 
610 1 |a линейные электрические цепи 
610 1 |a электрические цепи переменного тока 
610 1 |a электрические цепи постоянного тока 
610 1 |a исследование 
610 1 |a напряжение 
610 1 |a токи 
610 1 |a резонанс 
610 1 |a пассивные черырехполюсники 
610 1 |a трехфазные цепи 
610 1 |a конденсаторы 
610 1 |a апериодические разряды 
610 1 |a колебательные разряды 
610 1 |a лабораторные работы 
610 1 |a учебные пособия 
610 1 |a CD-ROM 
610 1 |a транспортное строительство 
610 1 |a электротехника 
610 1 |a электроника 
675 |a 621.3.011.71(076.5)  |v 3 
700 1 |a Серебряков  |b А. С.  |g Александр Сергеевич 
801 1 |a RU  |b 63413507  |c 20090122  |g PSBO 
801 2 |a RU  |b 63413507  |c 20221208  |g PSBO 
900 |a Электротехника 
942 |c MX 
951 |b 190401 
959 |a 10/20090122  |d 2  |e 171,10  |f ЧЗТЛ:1  |f ЭЧЗ:1